| 000 | 00519nam a22001577a 4500 | ||
|---|---|---|---|
| 003 | OSt | ||
| 005 | 20150905153743.0 | ||
| 008 | 150905b xxu||||| |||| 00| 0 eng d | ||
| 040 | _cRUA | ||
| 082 | _aAGR ម៉ុច 1989 B001 Or.1 | ||
| 100 |
_946 _aម៉ុច ចន្ថា |
||
| 245 | _aឥទ្ឌិពលផ្សេងៗគ្នានៃផ្ទៃដីចញ្ចឹមទៅលើទិន្នផលស្រូវ | ||
| 260 |
_aPhnom Penh _bRUA _c1989 |
||
| 300 |
_a91p. _bill. _c29cm. |
||
| 942 |
_2ddc _cAGR |
||
| 999 |
_c44 _d44 |
||